Science Quiz

Random Science or Letter Quiz

'I'-Less Elements Quiz Stats

 Plays Quiz Updated Dec 1, 2016

Challenge
Share
Tweet
Embed
Score 0/22 Timer 03:00
2 Plays Today
'i'-less elements % Correct
Hydrogen
91.8%
Oxygen
89.4%
Gold
86.7%
Carbon
81%
Neon
77.1%
Boron
75.9%
Argon
70.2%
Xenon
67.2%
Lead
63.9%
Copper
62.2%
Radon
58.1%
'i'-less elements % Correct
Krypton
53.9%
Sulfur
49.4%
Mercury
47.1%
Phosphorus
45.7%
Manganese
43.6%
Tungsten
41.4%
Cobalt
40.5%
Molybdenum
17.9%
Oganesson
17.4%
Lanthanum
15%
Tantalum
10.3%

You're not logged in!

Compare scores with friends on all Sporcle quizzes.
OR
Log In

You Might Also Like...

Show Comments

Extras

Top Quizzes Today


Score Distribution

Your Account Isn't Verified!

In order to create a playlist on Sporcle, you need to verify the email address you used during registration. Go to your Sporcle Settings to finish the process.

Report this User

Report this user for behavior that violates our Community Guidelines.

Details: